000 00684nam a2200193 i 4500
001 95696
003 ES-MaACL
005 20250822063142.0
007 t|
008 050602s1958 sp ||||1| val d
100 1 _aLlorente, Teodoro,
_d1836-1911
_9150700
245 1 0 _aAntología poètica /
_cTeodor Llorente i Olivares ; pròleg, selección i notes de Carles Salvador (Obra pòstuma); dibuixos de Carles Gargallo.
260 _aValencia :
_b[s.n.],
_c1958 (
_fImp. J. Albarracin)
300 _a218 p. :
_bil. ;
_c18 cm.
700 1 _aSalvador, Carles.
_9102067
700 1 _aGargallo, Carlos.
_9151947
852 _aES-MaACL
_jC-15979
_bR.42945
999 _c95696
_d95696